000
00286 a2200121 4500
020
_a
0852974612
090
_c
180
_d
180
100
_a
Brain Coyle
245
_a
Venture capital & buyouts
260
_a
Canterbury
_b
CIB Publishing
_c
2000
300
_a
140 P
942
_a
NBS
_c
BK
_k
658.15 COY
999
_c
342754
_d
342754